| 000 | 00464nam a2200205Ia 4500 | ||
|---|---|---|---|
| 001 | 13041 | ||
| 003 | GE_BSU | ||
| 008 | 181216s||||||||xx |||||||||||||| ||und|| | ||
| 020 | _a9780006490333 | ||
| 040 | _cGE_BSU | ||
| 080 | _a821.111-3 | ||
| 100 | _aSeymour,Gerald. | ||
| 245 | 4 | _aThe Heart of Danger. | |
| 260 | _aLondon. | ||
| 260 | _bHarper Collins Publishers. | ||
| 260 | _c1995 | ||
| 300 | _a507p;18cm. | ||
| 653 | _aThe Heart of Danger. | ||
| 942 | _cBK | ||
| 999 |
_c46208 _d46208 |
||